| 000 | 00823cab a2200253 4500 | ||
|---|---|---|---|
| 001 | WB3338-15 | ||
| 008 | 090401t1997 xxu||||| |||| 00| 0 eng d | ||
| 035 | _a(Sirsi) u81242 | ||
| 041 | _aeng | ||
| 245 | _aOut-of-town sites blocked | ||
| 260 | _c1997 | ||
| 350 | _a0 | ||
| 490 |
_aProperty Week _v61(1) 3 October 1997, 6(1) |
||
| 520 | _aConsiders the future for new out-of-town retail warehouses after appeals for schemes in Cirencester and Peterborough were refused for not complying with the sequential test in PPG6. | ||
| 650 | _aCIRENCESTER | ||
| 650 | _aOUT-OF-TOWN DEVELOPMENTS | ||
| 650 | _aPETERBOROUGH | ||
| 650 | _aPLANNING POLICY GUIDANCE NOTE SIX | ||
| 650 | _aRETAIL WAREHOUSES | ||
| 650 | _aSEQUENTIAL TEST | ||
| 690 | _aPROPERTY-PROPERTY DEVELOPMENT | ||
| 942 | _n0 | ||
| 948 | _c03/10/1997 | ||
| 999 |
_c51205 _d51205 |
||